| 000 | 00644nam a22002177a 4500 | ||
|---|---|---|---|
| 003 | OSt | ||
| 020 | _a9789332560086 | ||
| 082 |
_a338.88 _bSUN/IN |
||
| 100 | _aSundaram, Anant K | ||
| 245 |
_aInternational business environment: _btext and cases |
||
| 260 |
_aNoida _bPearson India Education Services Pvt. Ltd _c2016 |
||
| 300 | _axvii, 347p. | ||
| 546 | _aEnglish | ||
| 650 | _aForces of globalization | ||
| 650 | _aForeign exchange: the basics | ||
| 650 | _aForeign exchange: transaction exposure | ||
| 650 | _aTheories of international trade | ||
| 650 | _aPolitical risk analysis | ||
| 700 | _aBlack, Stewart J | ||
| 942 |
_2ddc _cBK |
||
| 999 |
_c157407 _d157407 |
||